000 00342nam a2200133Ia 4500
008 240624s9999 xx 000 0 und d
041 _aeng
082 _a332 BLA
100 _aBLACKSTAFF MICHAEL
245 _aBUSINESS AND FINANCE FOR IT PEOPLE
260 _c2001
_aLondon
_bSpringer
300 _ax, : 214 : p. : cm. ; 23
365 _cERU
_b26
999 _c20118
_d20118